| 000 | 02632nam0a2200445 4500 | ||
|---|---|---|---|
| 001 | RU\NLR\bibl\1859310 | ||
| 005 | 20260407095024.0 | ||
| 010 |
_a978-5-9669-0822-5 _9100 |
||
| 021 |
_aRU _b2011-104025 _97443 |
||
| 035 | _a(nilc)RSL-KNO-005371541 | ||
| 035 | _a(NLR Aleph) 001849219 | ||
| 090 |
_a2378579 _c2378579 |
||
| 100 | _a20120110d2011 |||y0rusy50 ca | ||
| 101 | 0 | _arus | |
| 102 | _aRU | ||
| 105 | _aa ||||||||| | ||
| 200 | 1 |
_aМаркетинговая стратегия развития Волгограда до 2020 года в условиях преодоления последствий кризиса _eмонография _f[д.э.н., проф. О. В. Иншаков, д.э.н., проф. А.Э. Калинина, д.э.н. Р.С. Бекови др.] _gпод ред. д.э.Н., проф. О. В. Иншакова _gМ-во образования и науки Российской Федерации, Федеральное гос. бюджетное образовательное учреждение высш. проф. образования "Волгоградский гос. ун-т" |
|
| 210 |
_aВолгоград _cИзд-во Волгоградского гос. ун-та _d2011 |
||
| 215 |
_a452, [1] с. _cил., табл., цв. ил. _d21 |
||
| 300 | _aАвт. указаны на обороте тит. л. | ||
| 320 | _aБиблиогр.: с. 444-448 | ||
| 606 | 1 |
_aМаркетинг _yВолгоград, город _92111898 _3RU\NLR\auth\661579714 |
|
| 606 | 1 |
_aГорода _xРазвитие _yРоссийская Федерация _92079305 _3RU\NLR\auth\661255182 |
|
| 607 |
_aВолгоград, город _xНародное хозяйство _xПрогнозирование _92111900 _3RU\NLR\auth\661579715 |
||
| 686 |
_aУ9(2Р-4Вол-2Волгоград)230.4,0 _2rubbk |
||
| 686 | _aУ9(2)-361.4(2Р-4Во-2В) | ||
| 686 | _aУ23(2)038(2Р-4Во-2В) | ||
| 686 | _aУ04(2Р)22 | ||
| 701 | 1 |
_4070 _8rus _7ca _aИншаков _bО. В. _f1952-2018 _gОлег Васильевич _3RU\NLR\auth\7769718 _952646 |
|
| 701 | 1 |
_4070 _8rus _7ca _aКалинина _bА. Э. _cд-р экон. наук _gАлла Эдуардовна _3RU\NLR\auth\7777191 _960119 |
|
| 701 | 1 |
_aБеков _bР. С. _gРоман Сергеевич _4070 |
|
| 712 | 0 | 2 |
_4570 _aВолгоградский государственный университет _3RU\NLR\AUTH\889921739 _9339574 |
| 801 | 0 |
_aRU _bRuMoRKP _c20120110 _grcr |
|
| 801 | 1 |
_aRU _bРГБ _c20120110 |
|
| 801 | 2 |
_aRU _bNLR _c20120123 _grcr |
|
| 830 | _aавт7 по кн. | ||
| 942 | _cBOOK | ||
| 980 | _aNB | ||
| 980 | _aNBR | ||